000 00456nam a2200169Ia 4500
003 3228
005 20240708123332.0
008 210817s9999 xx 000 0 und d
020 _a9781920335045
_qPaperback
040 _aRDA
_c3228
082 _aAJF HOPK
100 _a Hopkins, Cathy,
_930052
245 0 _aMeisies se dinge & enkele oorlewendes
260 _a Erasmusrand,
_bMalan media,
_c2009
300 _a158 pages
_c19 cm
942 _cBK
_2ddc
_y163
_zKhulile Ngwenya
999 _c150590
_d150589